03369cam a22003614a 45000010005000000030006000050050017000110080041000280100017000690200027000860200018001130200032001310350013001630400023001760500023001990820015002221000016002372450095002532600041003483000047003893360026004363370028004623380027004905050008005175202088005256500037026136550079026507000048027299060045027779420015028229990015028379520155028528408FISKH20250910154159.0040715s2005 nyua j 000 0 eng  a 2004016638 a0439443903qalk. paper a9780439443906 a9780439443906q(alk. paper) a13655852 aDLCcDLCdDLCbeng00aQA115b.T3575 200500a793.742221 aTang, Greg.10aMath potatoes :bmind-stretching brain food /cby Greg Tang ; illustrated by Harry Briggs. aNew York :bScholastic Press,c2005. a38 pages : bcolor illustrations ; c27 cm atextbtxt2rdacontent aunmediatedbn2rdamedia avolumebnc2rdacarrier aNP  aReaders who have graduated from THE GRAPES OF MATH will find new, more advanced math challenges. Greg Tang is back with his bestselling approach to addition and subtraction: problem solving. By solving challenges that encourage kids to "group" numbers rather than memorize formulas, even the most reluctant math learners are inspired to see math in a whole new way! Math Potatoes is full of Tang and Briggs' trademark humor, wit, and extraordinary creativity. Tang has proven over and over that math can be fun, and this new addition to his acclaimed series of mind-stretching math riddles is sure to be another hit. Greg Tang was tutoring math in his daughter's class when he noticed something interesting about the dominoes they were using. Each white dot had a pencil mark on it, which meant the children had been counting them one at a time. Mr. Tang taught them to look for patterns instead, and to add and subtract groups of dots in order to calculate the dominoes' value quickly. From there, he developed a new method of teaching arithmetic in a visual and spontaneous way. His method teaches both computational and problem-solving skills, and is so fun and challenging that children forget they are learning math! He believes that all kids are capable of doing well in math, and he has a mission to make math a natural part of every child's life. He has successfully taught his method to children from ages five to ten.Grapes of Math and Math for All Seasons are part of a series of books that will help children gain the range of skills needed for higher math. His books challenge and encourage children to use creativity and common sense to solve problems, rather than formulas and memorization.Greg Tang has an impressive mathematics background. He earned his B.A. and M.A. degrees in economics from Harvard, and he also holds an M.A. degree in Math Education from New York University. He has applied his problem-solving methods in building successful companies and products in a variety of industries. Greg Tang currently lives in Belmont, Massachusetts, with his family. 0aArithmeticvJuvenile literature. 7aLiterature.2lcgft0https://id.loc.gov/authorities/genreForms/gf20140264151 aBriggs, Harryc(Illustrator),eillustrator  a7bcbccorignewd1eecipf20gy-gencatlg 2ddccBKn0 c8408d8408 00102ddc40708JUVFa002b001cTTP Dark Greend2025-09-10l1oTAN 793.74 QA115 .T3575 pFIS03360r2026-02-06 13:04:25s2026-01-30t1w2025-09-10yBK